000 00370nam a2200133Ia 4500
008 211119s9999||||xx |||||||||||||| ||und||
082 _a546
_bHUH-I
100 _aHuheey, James E
245 0 _aInorganic Chemistry
260 _bHarper & Raw
_a1900
_cLondon
300 _a1000p
650 _aScience
_vInorganic chemistryChemistry
_xPost Graduate Reference
942 _cBOOK
999 _c113711
_d113711